| 000 | 00851nam a2200229 a 4500 | ||
|---|---|---|---|
| 005 | 20240925063811.0 | ||
| 008 | 061010s2006 mx r 000 0 spa d | ||
| 020 | _a9707021764 | ||
| 035 | _aUPN01000155959 | ||
| 049 | _aCG | ||
| 050 | 4 |
_aQA135.5 _bE5.6 no.4 |
|
| 245 | 0 | 0 |
_aAlgebra : _bpatrones numéricos y generalización / _cTenoch E. Cedillo Avalos ... [et al.]. |
| 260 |
_aMéxico : _bUPN : _bILCE, _c2006. |
||
| 300 | _a61 p. | ||
| 440 | 0 |
_aEnseñanza de las matemáticas ; _v4 |
|
| 500 | _a"Proyecto: Tecnología y Educación a Distancia en América Latina y el Caribe" | ||
| 500 | _a"Programa Interamericano de Capacitación de Maestros" | ||
| 650 | 4 |
_aMatemáticas _xEstudio y enseñanza _93601 |
|
| 650 | 4 |
_aAlgebra _xEstudio y enseñanza (Secundaria) _92078 |
|
| 700 | 1 |
_aCedillo Ávalos, Tenoch Esaú _ecoaut. _934560 |
|
| 905 | _aLibro | ||
| 999 |
_c128073 _d128073 |
||